000 00629nam a2200229Ia 4500
003 OSt
005 20220918182345.0
006 a|||||r|||| 00| 0
007 ta
008 220917b |||||||| |||| 00| 0 eng d
024 _a32,089
037 _cTextual
040 _aARTS
_cARTS
_beng
041 _2eng
_aeng
082 _aO111,1L88x, L8.3 (RR)
100 _aByron Lord
245 0 _aComplete poetic works ed by Jerome J McGann
260 _aOxford
_bClarendon Press
_c1981
650 _aENGLISH LITERATURE
942 _hO111,1L88x, L8.3 (RR)
_cTEXL
_2CC
999 _c168682
_d168682